Les faits et la doctrine économique en Espagne sous Philippe V (Record no. 107865)

MARC details
000 -LEADER
campo de control de longitud fija 00643nam a2200169 i 4500
001 - NÚMERO DE CONTROL
campo de control 107865
003 - IDENTIFICADOR DE NÚMERO DE CONTROL
campo de control ES-MaACL
005 - FECHA Y HORA DE LA ÚLTIMA TRANSACCIÓN
campo de control 20230906184518.0
007 - CAMPO FIJO DE DESCRIPCIÓN FÍSICA--INFORMACIÓN GENERAL
campo de control de longitud fija t|
008 - DATOS DE LONGITUD FIJA--INFORMACIÓN GENERAL
campo de control de longitud fija 061121s1919 fr r ||||1| fre d
100 1# - ENTRADA PRINCIPAL--NOMBRE DE PERSONA
Nombre de persona Mounier, André.
9 (RLIN) 83874
245 14 - MENCIÓN DEL TÍTULO
Título Les faits et la doctrine économique en Espagne sous Philippe V
Resto del título : Gerónimo de Uztáriz (1670-1732) : thèse pour le doctorat (sciences politiques et économiques)... /
Mención de responsabilidad, etc. par André Mounier.
260 ## - PUBLICACIÓN, DISTRIBUCIÓN, ETC.
Lugar de publicación, distribución, etc. Bordeaux :
Nombre del editor, distribuidor, etc. [s.n],
Fecha de publicación, distribución, etc. 1919 (
Fabricante Imp. de l'Université)
300 ## - DESCRIPCIÓN FÍSICA
Extensión 300 p. ;
Dimensiones 25 cm.
500 ## - NOTA GENERAL
Nota general Faculté de Droit de l'Université de Bordeaux.
852 ## - LOCALIZACIÓN
Ubicación ES-MaACL
Número de control de estantería F-2419
Holdings
Estatus retirado Estado de pérdida Estado de daño No para préstamo Biblioteca de origen Biblioteca actual Ubicación en estantería Fecha de adquisición Fuente de adquisición Total de préstamos Signatura topográfica completa Código de barras Visto por última vez Precio de reemplazo Tipo de ítem Koha
        Biblioteca del Ateneo de Madrid Biblioteca del Ateneo de Madrid Depósito 2 17/01/2008     F-2419 1112569 23/02/2023 23/02/2023 Libro impreso